000 00504nam a2200181Ia 4500
005 20250508154052.0
008 008 250505s9999 xx 000 0 eng d
037 _aTextual
040 _aFEDL
_beng
_cFEDL
041 _aeng
_2eng
084 _a371.62, MCC
_qFEDL
100 _aMcClurkin W D
_9764980
245 0 _aSchool building planning
260 _aNew York, USA
_bThe Macmillan Company
_c1964
300 _aviii,143p.
942 _cTEXL
_h371.62, MCC
999 _c1347419
_d1347419